Statistiques concernant Porteurs de la volonté du D. dans One Piece

Cliquez ici pour prendre le quiz!

Statistiques générales

  • Ce quiz a été pris 2 329 fois
  • Le résultat moyen est 8 sur 11

Statistiques - réponses

RôleNom% Correct
Protagoniste et Capitaine PirateMonkey D. Luffy
99%
Chef des RévolutionnairesMonkey D. Dragon
98%
Ancien Roi des Pirates (décédé)Gol D. Roger
95%
Ancien vice-amiral de la marineMonkey D. Garp
93%
Ancien Commandant de l'équipage de Barbe-Blanche (décédé)Portgas D. Ace
87%
Antagoniste et Capitaine PirateMarshall D. Teach
83%
Mère et femme de porteurs du D. (décédée)Portgas D. Rouge
76%
Ancien Grand Corsaire et Capitaine PirateTrafalgar D. Water Law
76%
Ancien Capitaine Pirate (supposé décédé)Rocks D. Xebec
51%
Géant et ancien vice-amiral de la marine (décédé)Haguar D. Sauro
30%
Soeur d'un porteur du D. donc supposée porteuse du D (décédée)Trafalgar D. Water Lamy
15%

Distribution des résultats

Percentile par nombre de réponses

% des personnes avec chaque résultat

Votre développement - résultats

Vous n’avez pas pris ce quiz